24 artículos / (Record no. 41961)

MARC details
000 -LEADER
campo de control de longitud fija 00508nam a2200181 i 4500
001 - NÚMERO DE CONTROL
campo de control 41961
003 - IDENTIFICADOR DE NÚMERO DE CONTROL
campo de control ES-MaACL
005 - FECHA Y HORA DE LA ÚLTIMA TRANSACCIÓN
campo de control 20230906160526.0
007 - CAMPO FIJO DE DESCRIPCIÓN FÍSICA--INFORMACIÓN GENERAL
campo de control de longitud fija t|
008 - DATOS DE LONGITUD FIJA--INFORMACIÓN GENERAL
campo de control de longitud fija 030312s1960 sp ||||1| spa d
100 1# - ENTRADA PRINCIPAL--NOMBRE DE PERSONA
Nombre de persona Casas Cadilla, Rogelio.
9 (RLIN) 36215
245 10 - MENCIÓN DEL TÍTULO
Título 24 artículos /
Mención de responsabilidad, etc. Rogelio Casas Cadilla.
250 ## - MENCION DE EDICION
Mención de edición 5ª ed.
260 ## - PUBLICACIÓN, DISTRIBUCIÓN, ETC.
Lugar de publicación, distribución, etc. Madrid :
Nombre del editor, distribuidor, etc. [s.n.,
Fecha de publicación, distribución, etc. 1960] (
Fabricante Estades Artes Gráficas)
300 ## - DESCRIPCIÓN FÍSICA
Extensión 128 p. ;
Dimensiones 17 cm.
740 0# - ENTRADA AGREGADA--TÍTULO RELACIONADO/ANALÍTICO NO CONTROLADO
Título relacionado o analítico no controlado Veinticuatro artículos.
852 ## - LOCALIZACIÓN
Ubicación ES-MaACL
Número de control de estantería C-27055
Sublocalización o colección R.55622
Holdings
Estatus retirado Estado de pérdida Estado de daño No para préstamo Biblioteca de origen Biblioteca actual Ubicación en estantería Fecha de adquisición Fuente de adquisición Total de préstamos Signatura topográfica completa Código de barras Visto por última vez Precio de reemplazo Tipo de ítem Koha
        Biblioteca del Ateneo de Madrid Biblioteca del Ateneo de Madrid Depósito 2 17/01/2008     C-27055 1044169 23/02/2023 23/02/2023 Libro impreso